Reálne menové kurzy a vonkajšie nerovnováhy v krajinách PIGS Real

Analýza pôsobenia reálnych menových kurzov na vývoj bežných účtov platobnej bilancie v krajinách PIGS. Odhad VAR modelu a výpočet impulse-response funkcie bežných účtov odrážajúcich pôsobenie šoku reálneho menového kurzu (na báze CPI a ULC). Vplyv krízového obdobia na prezentované výsledky zohľadním...

Full description

Saved in:
Bibliographic Details
Main Author: Mirdala, Rajmund
Format: Book Chapter
Language:Slovak
Subjects:
Tags: Add Tag
No Tags, Be the first to tag this record!

MARC

LEADER 00000naa a2200000 4500
001 0210258
005 20220204144242.3
041 0 |a slo 
044 |a SK 
245 1 0 |a Reálne menové kurzy a vonkajšie nerovnováhy v krajinách PIGS Real  |c Rajmund Mirdala 
520 |a Analýza pôsobenia reálnych menových kurzov na vývoj bežných účtov platobnej bilancie v krajinách PIGS. Odhad VAR modelu a výpočet impulse-response funkcie bežných účtov odrážajúcich pôsobenie šoku reálneho menového kurzu (na báze CPI a ULC). Vplyv krízového obdobia na prezentované výsledky zohľadním odhadnutím dvoch modelov pre každú krajinu za obdobie 2000-2007 a 2000-2014. 
610 2 0 |a kurz menový 
610 2 0 |a bilancia platobná 
610 2 0 |a účty bežné 
610 2 0 |a kríza hospodárska 
610 2 0 |a modely autoregresné 
610 2 0 |a metóda Value at Risk 
100 1 |a Mirdala, Rajmund